Movies Quiz

Random Movies or Actress Quiz

Lead Oscar Winners For Same Film Quiz Stats

 Plays Quiz not verified by Sporcle

Score 0/7 Timer 05:00
0 Plays Today
Decade Film % Correct
1990sSilence of the Lambs
93.8%
1970sOne Flew Over the Cuckoo's Nest
83.5%
1930sIt Happened One Night
75.3%
1990sAs Good As It Gets
72.8%
1970sNetwork
67.1%
1970sComing Home
55.1%
1980sOn Golden Pond
54.3%

You're not logged in!

Compare scores with friends on all Sporcle quizzes.
OR
Log In

Show Comments

Extras

Top Quizzes Today


Score Distribution

Your Account Isn't Verified!

In order to create a playlist on Sporcle, you need to verify the email address you used during registration. Go to your Sporcle Settings to finish the process.

Report this User

Report this user for behavior that violates our Community Guidelines.

Details: